00323nam a2200121Ia 4500008004100000024001400041082001800055100002500073245001900098260002500117600002100142650003800163250506s9999 xx 000 0 und d a03A-BS-19 a005.36072 QAS aMuhammad Qasim Pasta 0aGrid Databases aKarachi:bUIT,c2003 aComputer Science aBachelor of Computer Science (BS)